| 000 | 00775cam a22002893a 4500 | ||
|---|---|---|---|
| 001 | 32229 | ||
| 003 | PGUSA | ||
| 005 | 20140828083710.0 | ||
| 008 | 100503s2010||||xxu|||||s|||||000 1 eng d | ||
| 040 |
_aPGUSA _beng |
||
| 042 | _adc | ||
| 050 | 4 | _aPS | |
| 100 | 1 | _aClarke, Jay | |
| 245 | 1 | 0 |
_aHigh Man _h[electronic resource] / _cJay Clarke |
| 260 |
_bProject Gutenberg, _c2010 |
||
| 506 | _aPublic domain in the USA. | ||
| 516 | _aElectronic text | ||
| 653 | _aMan-woman relationships -- Fiction | ||
| 653 | _aShort stories | ||
| 653 | _aInventions -- Fiction | ||
| 653 | _aScience fiction | ||
| 653 | _aEpistolary fiction | ||
| 700 | 1 | _aKossin, Sandy | |
| 830 | 0 |
_aProject Gutenberg _v32229 |
|
| 856 | 4 | 0 | _uhttp://www.gutenberg.org/ebooks/32229 |
| 942 | _cEB | ||
| 999 |
_c261484 _d261484 |
||